Compendio Fiscal Profesional 2012 Tomo II

Detalles Bibliográficos
Autor principal: Přez Chv̀ez, Jos ̌
Otros Autores: Campero Guerrero, Eladio
Formato: eBook
Lenguaje:español
Publicado: Mx̌ico, D.F.: Tax editores, 2012
Materias:
Acceso en línea:Acceso restringido

MARC

LEADER 00000nam a22000007a 4500
005 20120905140411.0
007 cr|||| ||||
008 120905s2012 mx |||||s|||| 00| 0 spa d
020 |a 978-607-440-360-2 
035 |a 6636 
040 |a vLex 
090 |c 3363  |d 3363 
100 1 |a Přez Chv̀ez, Jos ̌ 
245 1 0 |a Compendio Fiscal Profesional 2012  |h [Recurso electrn̤ico] /  |c Jos ̌Přez Chavez , Eladio Campero Guerrero   |n Tomo II 
256 |a Servicio en ln̕ea 
260 |a Mx̌ico, D.F.:  |b Tax editores,  |c 2012 
300 |a 1 recurso electrn̤ico 
506 1 |a Contenido solo disponible en los productos indicados  |d vLex Global   |d vLex Global (Academic Edition, excluding Law Schools)   |d vLex Global (U.S. Academic Edition, Law Schools)   |d vLex Global (U.S. Academic Edition, excluding Law Schools)   |d vLex Global (Academic Edition, Law Schools)  
650 0 4 |a Derecho fiscal  |z Colombia 
700 1 |a Campero Guerrero, Eladio 
740 0 |a vLex Libros (servicio en ln̕ea) 
856 4 0 |u http://vlex.com/source/compendio-fiscal-profesional-2012-tomo-ii-6636  |z Acceso restringido 
942 |c BOOK 
999 0 |a Taxation